MARC

LEADER 00000nam0a2200000 4500
001 177845
005 20231101223350.0
035 |a (RuTPU)RU\TPU\book\192819 
090 |a 177845 
100 |a 20100325d1977 k y0rusy50 ca 
101 0 |a rus 
102 |a RU 
105 |a ac z 001zy 
200 1 |a Строительная механика  |e избранные труды  |f В. Г. Шухов  |g под ред. А. Ю. Ишлинского 
210 |a Москва  |c Наука  |d 1977 
215 |a 193 с.  |c ил. 
320 |a Библиогр.: с. 187-191. 
600 1 |a Шухов  |b В. Г.  |c российский инженер  |c изобретатель  |f 1853-1939  |g Владимир Григорьевич  |c строитель  |2 stltpush  |3 (RuTPU)RU\TPU\pers\11531 
610 1 |a строительная механика 
610 1 |a строительные конструкции 
610 1 |a изобретения 
610 1 |a нефтяные резервуары 
610 1 |a стропильные фермы 
610 1 |a расчет 
675 |a 624.04  |v 3 
700 1 |a Шухов  |b В. Г.  |c российский инженер  |c изобретатель  |c строитель  |f 1853-1939  |g Владимир Григорьевич  |2 stltpush  |3 (RuTPU)RU\TPU\pers\11531  |9 2721 
702 1 |a Ишлинский  |b А. Ю  |c механик  |f 1913-  |g Александр Юльевич  |2 stltpush  |3 (RuTPU)RU\TPU\pers\9643 
801 1 |a RU  |b 63413507  |c 20100325 
801 2 |a RU  |b 63413507  |c 20191125  |g RCR 
942 |c BK